| 000 | 01339nam0a2200361 4500 | ||
|---|---|---|---|
| 001 | RU\NLR\BIBL_A\012648676 | ||
| 005 | 20220112114106.0 | ||
| 010 |
_a978-5-04-120-280-4 _92000 |
||
| 021 |
_aRU _bКН-П-21-048552 _9КН-П-21-3824 |
||
| 035 | _a(NLR Aleph) 012648676 | ||
| 090 |
_a12719501 _c12719501 |
||
| 100 | _a20211123d2021 u y0rusy50 ca | ||
| 101 | 1 |
_arus _ceng |
|
| 102 | _aRU | ||
| 105 | _aa|||z|||000ay | ||
| 181 | 0 |
_ai3 _bab2e |
|
| 182 | 0 | _an | |
| 200 | 1 |
_aВеликая Ордалия _fР. Скотт Бэккер _gперевод с английского Ю. Соколова, А. Баранова |
|
| 203 |
_aТекст _bвизуальный _cнепосредственный |
||
| 210 |
_aМосква _cFanzon _cЭксмо _d2021 |
||
| 215 |
_a621, [3] с. _cил. _d22 |
||
| 225 | 1 |
_aFantasy World _eлучшее современное фэнтези |
|
| 311 | _aЦикл "Второй Апокалипсис" | ||
| 320 | _aДр. кн. авт.: с. 1 | ||
| 333 | _a16+ | ||
| 488 | 0 | _12001#$aВторой Апокалипсис$eцикл | |
| 686 | 1 | _aШ6(7К)167-445{Лх1960-18} | |
| 700 | 1 |
_aБэккер _bР. С. _f1967- _gР. Скотт _3RU\NLR\AUTH\770189275 |
|
| 942 | _cBOOK | ||
| 980 | _aNB | ||